Представление документа в формате RUSMARC

ПолеНазваниеЗначение
  Тип записи a
  Библиографический уровень m
001 Контрольный номер UONB/MAIN/73537b1d2a27417eaa857855b1165f9d
005 Дата корректировки 20250520125507.4
010 Индекс ISBN __
b Уточнения в пер.
d Цена 3 р. 90 к.
9 Тираж 400000 экз.
100 Данные общей обработки __
a Данные общей обработки 20221114d1955 c y0rusy0189 ca
101 Язык документа 0_
a Язык текста rus
102 Страна публикации __
a Страна публикации RU
105 Кодированные данные (монография) __
a Кодированные данные (монография) a z 000ay
200 Заглавие и сведения об ответственности 1_
a Заглавие Стихи и сказки
f Первые сведения об ответственности А.С. Пушкин
g Последующие сведения об ответственности предисл. И. Новикова
210 Выходные данные 1_
a Место издания Москва
c Издательство Детгиз
d Дата издания 1955
215 Физическое описание __
a Объем 192 с.
c Иллюстрации/тип воспроизводства ил.
d Формат 22 см
225 Серия 1_
a Серия Школьная библиотека
i Наименование части Для начальной школы
606 Тематические рубрики 0_
a Основная рубрика Стихи (д. л.)
606 Тематические рубрики 0_
a Основная рубрика Сказки (д. л.)
610 Ключевые слова 0_
a Ключевые слова стихи детские; сказки детские; сказки Пушкина
686 Индексы других классификаций __
a Классификационный индекс 84Р1
2 Код системы rubbk
700 Автор _1
a Фамилия Пушкин
b Имя (инициалы) А.С.
g Полное личное имя Александр Сергеевич
702 Вторичная интеллектуальная ответственность _1
a Фамилия Новиков
b Имя (инициалы) И.
4 Код отношения 080
801 Источник записи _0
a Страна RU
b Организация Ульяновская ОНБ
c Дата составления 20221114
g Правила каталогизации RCR
801 Источник записи _1
a Страна RU
b Организация Ульяновская ОНБ
c Дата составления 20221114
g Правила каталогизации RCR
901 Тип документа __
t Тип документа m
909 Создатель записи __
a Создатель записи Горбункова
b Дата создания записи 20221114